000 00692nam a2200241Ia 4500
003 OSt
005 20220918192648.0
006 a|||||r|||| 00| 0
007 ta
008 220917b |||||||| |||| 00| 0 eng d
024 _a69,482
037 _cTextual
040 _aARTS
_cARTS
_beng
041 _2eng
_aeng
082 _aQ4:4,D600, M3
100 _aHiuen Tsiang
_979704
245 0 _aSi Yu Ki
_b buddhist records of the western world tr form the chinese of Hiuen Tsiang AD 629 by Samuel Beal
250 _a2nd
260 _an.d
_boRIENTAL bOOKS
_c1983
650 _aRELIGION
942 _hQ4:4,D600, M3
_cTEXL
_2CC
999 _c195628
_d195628